000 00665nam a2200217Ii 4500
003 JO-AjNU
008 230605s9999||||xx |||||||||||||| ||und||
017 _a2002/10/2669
040 _aJO-AjNU
_bara
_erda
_cJO-AjNU
041 _aara
050 1 4 _aJQ1825.2002
100 3 _a معتوق، سمير ,
_eauthor
_950337
245 0 0 _aالموساد يتحطم على صخرة الوطنية
250 _a(د،ط)
264 3 1 _aعمان : دار البشير ، 2002
300 _a103ص
336 _atext
_btxt
_2rdacontent
337 _aunmediated
_bn
_2rdamedia
338 _avolume
_bnc
_2rdacarrier
650 4 _aالجاسوسية -- الموساد
_950338
999 _aA22167
_c25735
_d25735